000 01407nam a2200313 4500
003 CO-CtgCURN
005 20250331184452.0
007 ta
008 160627s2007 000 0 eng d
020 _a97895803506253
040 _aCO-CtgCURN
_bspa
_ccoctgcurn
082 0 _a347.7
_bM178p
100 1 _aMadriñan de la Torre, Ramón Eduardo.
245 1 0 _aPrincipios de derecho comercial /
_cRamón Eduardo Madriñan de La Torre.
250 _a10a ed.
260 _aBogotá :
_bTemis,
_c2007.
300 _a232 p.
336 _2rdacontent
337 _2rdamedia
_asin mediacion
_bn
338 _2rdacarrier
_avolumen
_bnc
505 8 _aDefinición de Derecho comercial.--Evolución histórica del Derecho comercial.--Historia del Derecho comercial en Colombia.--Características del Derecho comercial.--Fuentes formales del Derecho comercial colombiano.--El acto de comercio.--El comerciante.--El registro público de comercio.--La contabilidad mercantil.--Las cámaras de comercio.--El establecimiento de comercio.--La empresa unipersonal
650 1 4 _aDerecho comercial
_zColombia.
650 1 4 _aDerecho comercial
_vHistoria
_zColombia.
650 1 4 _aCámaras de comercio
_vLegislación
_zColombia.
650 1 4 _aRegistro mercantil
_vLegislación
_zColombia.
908 _a160627
942 _cBK
_h347.7
_iM178p
_2ddc
999 _c20530
_d20530